Sujetos, organizaciones y movimientos sociales en el campo Mexicano II / (Record no. 104746)
[ view plain ]
| 000 -CABECERA | |
|---|---|
| campo de control de longitud fija | 01225nam a2200349 a 4500 |
| 001 - NÚMERO DE CONTROL | |
| campo de control | 000108284 |
| 003 - IDENTIFICADOR DEL NÚMERO DE CONTROL | |
| campo de control | CHAP |
| 005 - FECHA Y HORA DE LA ÚLTIMA TRANSACCIÓN | |
| campo de control | 20220329144006.0 |
| 008 - DATOS DE LONGITUD FIJA--INFORMACIÓN GENERAL | |
| campo de control de longitud fija | 140122s2013 mx |r| |||0|||spa d |
| 010 ## - NÚMERO DE CONTROL DE LA BIBLIOTECA DEL CONGRESO | |
| Número de control de LC | 104746 |
| 011 ## - ENLACE DEL NUMERO DE CONTROL DE LA BIBLIOTECA DEL CONGRESO [OBSOLETO] | |
| Número de control de LC | 105718 |
| 020 ## - NÚMERO INTERNACIONAL ESTÁNDAR DEL LIBRO | |
| Número Internacional Estándar del Libro | 978-607-12-0294-9 (Número 9) |
| 020 ## - NÚMERO INTERNACIONAL ESTÁNDAR DEL LIBRO | |
| Número Internacional Estándar del Libro | 9786071201485 (Colección Tlatemoa) |
| 040 ## - FUENTE DE LA CATALOGACIÓN | |
| Centro/agencia transcriptor | CHAP |
| 082 04 - NÚMERO DE LA CLASIFICACIÓN DECIMAL DEWEY | |
| Número de clasificación | 307.72 |
| Número de documento/Ítem | S94 |
| 245 10 - MENCIÓN DE TÍTULO | |
| Título | Sujetos, organizaciones y movimientos sociales en el campo Mexicano II / |
| Mención de responsabilidad, etc. | coordinado por Juan de la Fuente Hernández. |
| 260 ## - PUBLICACIÓN, DISTRIBUCIÓN, ETC. | |
| Lugar de publicación, distribución, etc. | Chapingo, México : |
| Nombre del editor, distribuidor, etc. | UACH. Departamento de Enseñanza, Investegación y Servicio en Sociologia Rural, |
| Fecha de publicación, distribución, etc. | 2013. |
| 300 ## - DESCRIPCIÓN FÍSICA | |
| Extensión | 325 p. |
| 490 ## - MENCIÓN DE SERIE | |
| Mención de serie | Colección Tlatemoa |
| Designación de volumen o secuencia | 9 |
| 590 ## - NOTA LOCAL (RLIN) | |
| Nota local | E5652GLJ |
| Procedencia (VM) [OBSOLETO] | 05 |
| Condición del los carretes individuales (VM) [OBSOLETO] | 20140122 |
| -- | UCH01 |
| -- | 1301 |
| 590 ## - NOTA LOCAL (RLIN) | |
| Nota local | E5652GLJ |
| Procedencia (VM) [OBSOLETO] | 05 |
| Condición del los carretes individuales (VM) [OBSOLETO] | 20140122 |
| -- | UCH01 |
| -- | 1301 |
| 590 ## - NOTA LOCAL (RLIN) | |
| Nota local | E5765TAJ |
| Procedencia (VM) [OBSOLETO] | 05 |
| Condición del los carretes individuales (VM) [OBSOLETO] | 20161205 |
| -- | UCH01 |
| -- | 0953 |
| 590 ## - NOTA LOCAL (RLIN) | |
| Nota local | E5765TAJ |
| Procedencia (VM) [OBSOLETO] | 05 |
| Condición del los carretes individuales (VM) [OBSOLETO] | 20161205 |
| -- | UCH01 |
| -- | 0956 |
| 590 ## - NOTA LOCAL (RLIN) | |
| Nota local | E5765TAJ |
| Procedencia (VM) [OBSOLETO] | 05 |
| Condición del los carretes individuales (VM) [OBSOLETO] | 20170110 |
| -- | UCH01 |
| -- | 0944 |
| 590 ## - NOTA LOCAL (RLIN) | |
| Nota local | E5765TAJ |
| Procedencia (VM) [OBSOLETO] | 05 |
| Condición del los carretes individuales (VM) [OBSOLETO] | 20171110 |
| -- | UCH01 |
| -- | 1244 |
| 650 14 - PUNTO DE ACCESO ADICIONAL DE MATERIA--TÉRMINO DE MATERIA | |
| Término de materia o nombre geográfico como elemento de entrada | Movimientos sociales |
| Subdivisión general | México. |
| 9 (RLIN) | 79173 |
| 700 0# - PUNTO DE ACCESO ADICIONAL--NOMBRE DE PERSONA | |
| Nombre de persona | Fuente Hernández, Juan de la |
| Término indicativo de función/relación | coord. |
| 9 (RLIN) | 43805 |
| 830 #0 - PUNTO DE ACCESO ADICIONAL DE SERIE-TÍTULO UNIFORME | |
| Título uniforme | Colección Tlatemoa |
| Designación de volumen o secuencia | 9 |
| 9 (RLIN) | 25011 |
| 901 ## - ELEMENTOS DE DATOS A LOCAL LDA (RLIN) | |
| a | BK |
| 942 ## - ELEMENTOS DE PUNTO DE ACCESO ADICIONAL (KOHA) | |
| Tipo de ítem Koha | Libro |
| 942 ## - ELEMENTOS DE PUNTO DE ACCESO ADICIONAL (KOHA) | |
| Suprimir en OPAC | 0 |
| Estado de retiro | Estado de pérdida | Estado dañado | Restricciones de uso | No para préstamo | Código de colección | Localización permanente | Ubicación/localización actual | Ubicación en estantería | Fecha de adquisición | Total de préstamos | Signatura topográfica completa | Código de barras | Fecha visto por última vez | Número de copia | Precio válido a partir de | Tipo de ítem Koha | Fuente del sistema de clasificación o colocación | Información codificada de la localización en otra ubicación |
|---|---|---|---|---|---|---|---|---|---|---|---|---|---|---|---|---|---|---|
| Préstamo 15 días | General | Biblioteca Central | Biblioteca Central | Planta alta - Colección General | 22/01/2014 | 307.72 S94 | 33724002389991 | 31/12/2019 | c.3 | 31/12/2019 | Libro | |||||||
| Préstamo 15 días | General | Biblioteca Central | Biblioteca Central | Planta alta - Colección General | 22/01/2014 | 307.72 S94 | 33724002390033 | 31/12/2019 | c.2 | 31/12/2019 | Libro | |||||||
| Préstamo 15 días | General | Biblioteca Central | Biblioteca Central | Planta alta - Colección General | 10/11/2017 | 307.72 S94 | 33724002535545 | 31/12/2019 | c.4 | 31/12/2019 | Libro | |||||||
| Préstamo interno2 | Publicaciones UACh | Biblioteca Central | Biblioteca Central | Planta alta - Área de Tesis - UACh | 22/01/2014 | 307.72 S94 | 33724002390074 | 31/12/2019 | 31/12/2019 | Libro | Dewey Decimal Classification | |||||||
| Préstamo 15 días | General | Centro Regional San Luis Acatlán | Centro Regional San Luis Acatlán | 05/12/2016 | 307.72 S94 | 02000000924 | 31/12/2019 | 05/12/2016 | Libro | Dewey Decimal Classification | LIBRO | |||||||
| Préstamo 15 días | General | Centro Regional San Luis Acatlán | Centro Regional San Luis Acatlán | 05/12/2016 | 307.72 S94 | 02000000925 | 31/12/2019 | c.2 | 05/12/2016 | Libro | Dewey Decimal Classification | LIBRO |
